Les enfants de Harry Potter - Statistiques

Statistiques générales
  • Ce quiz a été pris 201 fois
  • Le résultat moyen est 9 sur 15
Statistiques - réponses
Hint Réponse % Correct
1 Harry
81%
3 Hermione
78%
2 Ron
78%
11 Lily Luna
75%
8 James
74%
9 James II
74%
7 Albus Severus
71%
6 Ginny
69%
10 Lily
63%
4 Luna
61%
5 Neville
61%
13 Rose
55%
14 Hugo
51%
12 Severus
26%
15 Tom
16%
Aucun quiz correspondant
Distribution des résultats
% des personnes avec chaque résultat
Percentile par nombre de réponses
Votre historique - résultats
Vous n’avez pas pris ce quiz